| 000 | 00483nam a2200181Ia 4500 | ||
|---|---|---|---|
| 001 | 61766 | ||
| 008 | 170406n ii |||gr||||Z||||||465 | ||
| 082 | _a339.5 | ||
| 100 |
_aVerma, K.N., _eAuthor. |
||
| 245 | 0 |
_aElements of macro-economics-I _cby K.N. Verma _hTextual Documents |
|
| 250 | _aReprinted. | ||
| 260 |
_aDelhi: _bVishal Publications, _c2013. |
||
| 300 |
_a168p: _c23cm. |
||
| 653 | _aEconomics | ||
| 653 | _aMacro Economics | ||
| 653 | _aMS-Economics | ||
| 942 |
_2ddc _cBK |
||
| 999 |
_c62874 _d62874 |
||